00915cam a2200277 a 450000100060000000300080000600500170001400800390003102000160007003500190008604000270010504100080013208200270014010000260016724500640019326000310025730000340028850000400032250000200036250400300038265000310041265000250044394200120046899900170048095201400049712698BD-RjUL20211208235337.0140129s1985 nyua b 001 0 eng a0471806714  a(BD-RjUL)12748 aDLCcDLCdBD-RjULbeng aeng00a616.8527219bWID 19851 aWillner, Paul.93953710aDepression :ba psychobiological synthesis /cPaul Willner. aNew York :bWiley,cc1985. axxi, 597 p. :bill. ;c25 cm. a"A Wiley-Interscience publication." aIncludes index. aBibliography: p. 423-577. 0aDepression, Mental.939538 0aPsychobiology.93690 2ddccBK c12698d12698 00102ddc40718NFICaRUCLbRUCLcReadingd1989-10-24eAsia Foundationl0o616.8527 WID 1985r2014-01-29 00:00:00tC-1w2014-01-29yBK